MARC

LEADER 00000nam0a2200000 4500
001 272019
005 20231101234507.0
035 |a (RuTPU)RU\TPU\book\295224 
090 |a 272019 
100 |a 20141014d1987 k y0rusy50 ca 
101 1 |a rus  |c cze 
102 |a RU 
105 |a a z 001zy 
200 1 |a Скорость геологических процессов  |e пер. с чеш.  |f З. Кукал 
210 |a Москва  |c Мир  |d 1987 
215 |a 246 с.  |c ил. 
320 |a Библиогр.: с. 204-225 
320 |a Именной указатель: с. 226-232 
320 |a Предметный указатель: с. 233-237 
320 |a Указатель географических названий: с. 238-245 
606 1 |a Геология  |2 stltpush  |3 (RuTPU)RU\TPU\subj\6095  |9 34054 
610 1 |a геологические процессы 
610 1 |a скорость 
610 1 |a измерение 
610 1 |a земная кора 
610 1 |a движение 
610 1 |a плутонические процессы 
610 1 |a вулканические процессы 
610 1 |a кристаллизация 
610 1 |a выветривание 
610 1 |a обломочные материалы 
610 1 |a абразия 
610 1 |a перенос 
610 1 |a седиментация 
610 1 |a постседиментационные процессы 
610 1 |a эрозия 
610 1 |a склоновые движения 
610 1 |a вода 
610 1 |a руды 
610 1 |a образование 
610 1 |a нефть 
610 1 |a газ 
610 1 |a Земля 
610 1 |a магнитное поле 
610 1 |a Луна 
610 1 |a планеты 
610 1 |a геологические циклы 
610 1 |a земная поверхность 
610 1 |a преобразование 
675 |a 55  |v 4 
700 1 |a Кукал  |b З.  |g Зденек 
801 1 |a RU  |b 63413507  |c 20141014 
801 2 |a RU  |b 63413507  |c 20161213  |g RCR 
942 |c BK